Sandy Beach Morphodynamics.

Guardat en:
Dades bibliogràfiques
Altres autors: Jackson, Derek W.T (Editor), Short, Andrew D. (Editor)
Format: Desconegut
Publicat: Amsterdam, Netherlands: Elsevier, 2020.
Matèries:
Etiquetes: Afegir etiqueta
Sense etiquetes, Sigues el primer a etiquetar aquest registre!

MARC

LEADER 00000 a2200000 4500
003 CL-VaPUC
005 20220929171210.0
008 220914t2020 ||||| |||| 00| 0 eng d
999 |c 435934  |d 435932 
020 |a 9780081029275 
040 |c Pontificia Universidad Católica de Valparaíso 
082 7 |a 551.457 JAC 2020  |2 22 
100 |a Jackson, Derek W.T.   |9 870499  |e editor 
245 |a Sandy Beach Morphodynamics. 
260 |a Amsterdam, Netherlands:   |b Elsevier,   |c 2020. 
300 |a 793 páginas.  
583 |k GC  |c 20220914 
650 0 |a Playas  |9 261647 
650 0 |a Cambios de la costa  |9 876612 
650 0 |a Modificaciones litorales   |9 876613 
650 0 |a Transporte de sedimentos   |9 446897 
700 |a Short, Andrew D.  |e editor  |9 876614 
942 |2 ddc  |c BK 
952 |0 0  |1 0  |2 ddc  |4 0  |6 551_457000000000000_JAC_2020  |7 0  |8 A  |9 586684  |a BIBCUR  |b BIBCUR  |c GEN  |d 2022-09-12  |e 74  |g 129962.00  |i 5654645  |o 551.457 JAC 2020  |p 5654645  |r 2025-04-22  |t 1  |v 129962.00  |w 2022-09-12  |y BK  |k CIM